000 00293nam a22001337a 4500
008 170922b xxu||||| |||| 00| 0 eng d
020 _a9780131955813
041 _aeng
080 _25TH
_a37
100 _a46
101 _aEDU
245 _aTREFPUNKT DEUTSCH
_cWIDMAIER,E.R
942 _2udc
_cBK
999 _c29283
_d29283